[Event "POL-chT3"]
[Site "Jastrzebia Gora POL"]
[Date "2016.09.05"]
[Round "3.79"]
[White "Sapis, Witalis"]
[Black "Gierulski, Kamil"]
[Result "1/2-1/2"]
[WhiteElo "2389"]
[BlackElo "2196"]
[EventDate "2016.09.02"]

1.d4 Nf6 2.Nf3 e6 3.Bf4 c5 4.c3 Nc6 5.e3 d5 6.Nbd2 Bd6 7.Bb5 O-O 8.O-O Qc7
9.Bxd6 Qxd6 10.Qa4 Bd7 11.Qa3 b6 12.Nb3 Ne7 13.Ba6 Ne4 14.Ne5 Bc8 15.Bd3 
cxd4 16.Qxd6 Nxd6 17.exd4 f6 18.Nf3 Bd7 19.Rfe1 Rfe8 20.Re2 Nc6 21.Rae1 
Re7 22.Nc1 Rae8 23.Bc2 Na5 24.Nd3 Bb5 25.Nd2 Nac4 26.Nxc4 Bxc4 27.a3 Nf5 
28.f3 g5 29.Kf2 Kg7 30.Rd2 Bb5 1/2-1/2

[Event "POL-chT3"]
[Site "Jastrzebia Gora POL"]
[Date "2016.09.05"]
[Round "3.80"]
[White "Miasik, Adrian"]
[Black "Karwowski, Kacper"]
[Result "1/2-1/2"]
[WhiteElo "1933"]
[BlackElo "2245"]
[EventDate "2016.09.02"]

1.d4 Nf6 2.Nf3 e6 3.c4 c5 4.e3 cxd4 5.exd4 d5 6.Bd3 Nc6 7.a3 dxc4 8.Bxc4 
Be7 9.Nc3 Nd5 10.Bxd5 exd5 11.h3 O-O 12.O-O Bf6 13.Re1 Bf5 14.Bf4 Rc8 15.
Be5 Bxe5 16.Nxe5 Na5 17.Qf3 Be6 18.Rad1 Qd6 19.Re2 Nc4 20.Nd3 Nxa3 21.Nf4 
Nc4 22.Ncxd5 Rcd8 23.Nc3 Bd7 24.d5 Qb4 25.Ne4 Bf5 26.Rd4 Qb5 27.Nc3 Qc5 
28.Rd1 Rfe8 29.Nd3 Bxd3 30.Qxd3 Rxe2 31.Qxe2 h6 32.Ne4 Qb4 33.Rd4 b5 34.d6
Qxb2 35.Qxb2 Nxb2 36.Nc5 Nc4 37.d7 Nb6 38.Rb4 Kf8 39.Rxb5 Nxd7 40.Ne4 Nb6 
41.Ra5 Rd7 42.Nc3 Rc7 43.Nd5 Rc1+ 44.Kh2 Nxd5 45.Rxd5 Ke7 46.Ra5 Rc7 47.
Kg3 Kd6 48.Kf3 Re7 49.Ra1 Kc6 50.Rc1+ Kb7 51.Rb1+ Ka8 52.Ra1 Re6 53.Rd1 a5
54.Ra1 Re5 55.Kf4 f6 56.Rd1 Kb8 57.Rd7 g5+ 58.Kg4 a4 59.Rd3 f5+ 60.Kh5 Re6
61.g3 Ra6 62.Ra3 Kc7 63.f4 gxf4 64.gxf4 Kd7 65.h4 Ke7 66.Re3+ Kf6 67.Rg3 
Ra5 68.Kxh6 a3 69.Rg6+ Kf7 70.Rg7+ Kf8 71.Rg1 a2 72.Ra1 Kf7 73.Kg5 Ke7 74.
Kg6 Ke6 75.h5 Ra3 76.Re1+ Kd5 77.Ra1 Ke6 78.Re1+ Kd5 79.Ra1 Ke6 1/2-1/2

[Event "POL-chT3"]
[Site "Jastrzebia Gora POL"]
[Date "2016.09.05"]
[Round "3.81"]
[White "Rudnicki, Milosz"]
[Black "Ziemniak, Piotr"]
[Result "1-0"]
[WhiteElo "2199"]
[BlackElo "1783"]
[EventDate "2016.09.02"]

1.e4 c5 2.Nf3 d6 3.d4 cxd4 4.Nxd4 Nf6 5.Nc3 a6 6.Be3 e5 7.Nb3 Be6 8.Be2 
Be7 9.O-O Qc7 10.a4 O-O 11.Kh1 Nbd7 12.f4 Rac8 13.Bf3 exf4 14.Bxf4 Ne5 15.
Nd4 Nc4 16.Nd5 Bxd5 17.exd5 Nxb2 18.Qe1 Rfe8 19.Qg3 Bf8 20.Nf5 Ne4 21.Bxe4
Rxe4 22.Bxd6 Qc3 23.Nh6+ Kh8 24.Nxf7+ Kg8 25.Nh6+ Kh8 26.Qxc3 1-0

[Event "POL-chT3"]
[Site "Jastrzebia Gora POL"]
[Date "2016.09.05"]
[Round "3.82"]
[White "Wozniak, Grzegorz"]
[Black "Wacior, Maciej"]
[Result "0-1"]
[WhiteElo "1695"]
[BlackElo "1986"]
[EventDate "2016.09.02"]

1.d4 d5 2.Nf3 Nf6 3.e3 Bf5 4.Bd3 Bg6 5.O-O e6 6.Qe2 Bd6 7.Nbd2 c6 8.e4 
dxe4 9.Nxe4 Nxe4 10.Bxe4 Nd7 11.c3 Nf6 12.Bd3 Qc7 13.h3 O-O-O 14.Be3 Bxd3 
15.Qxd3 h6 16.Rfe1 g5 17.g4 Rdg8 18.Kg2 h5 19.Ne5 hxg4 20.Nxg4 Nd7 21.f3 
f5 22.Nf2 Nf6 23.Qc4 Nd5 24.Rh1 0-1

[Event "POL-chT3"]
[Site "Jastrzebia Gora POL"]
[Date "2016.09.05"]
[Round "3.83"]
[White "Gosciniak, Tomasz"]
[Black "Wasik, Roman"]
[Result "1/2-1/2"]
[WhiteElo "1949"]
[BlackElo "1474"]
[EventDate "2016.09.02"]

1.d4 d6 2.Nf3 g6 3.e4 Bg7 4.h3 Nf6 5.Nc3 O-O 6.Bg5 c6 7.Qd2 Qa5 8.Bc4 b5 
9.Bxf6 exf6 10.Nxb5 Qxd2+ 11.Kxd2 d5 12.Bb3 dxe4 13.Nc7 exf3 14.Nxa8 fxg2 
15.Rhe1 Bh6+ 16.Ke2 Bb7 17.Nc7 Rc8 18.Kf3 Kf8 19.Ne6+ fxe6 20.Bxe6 Rd8 21.
Rad1 f5 22.Kxg2 Bg7 23.c3 Na6 24.Kg3 Nc7 25.Bb3 Bf6 26.Re2 c5 27.d5 Nxd5 
28.Red2 Be5+ 29.Kh4 Bf6+ 30.Kg3 Be5+ 31.Kh4 Bf6+ 1/2-1/2

[Event "POL-chT3"]
[Site "Jastrzebia Gora POL"]
[Date "2016.09.05"]
[Round "3.84"]
[White "Wasik, Justyna"]
[Black "Gosciniak, Maria"]
[Result "0-1"]
[WhiteElo "1385"]
[BlackElo "2082"]
[EventDate "2016.09.02"]

1.Nf3 Nf6 2.c4 e6 3.d4 Bb4+ 4.Nc3 Bxc3+ 5.bxc3 Ne4 6.Qc2 f5 7.e3 b6 8.Be2 
Bb7 9.a4 O-O 10.Ba3 d6 11.Rd1 Nd7 12.d5 e5 13.Bd3 Ndf6 14.h4 Bc8 15.Ke2 
Ng4 16.Bxe4 fxe4 17.Qxe4 Bf5 18.Nxe5 Bxe4 19.Nxg4 Bxg2 20.Rh2 Bf3+ 21.Kd2 
Bxg4 22.Rg1 h5 23.c5 bxc5 24.Bb2 Rb8 25.Ba1 Qe8 26.c4 Qxa4 27.Rhg2 Qa2+ 
28.Kd3 Rb3+ 29.Bc3 Qe2+ 0-1

[Event "POL-chT3"]
[Site "Jastrzebia Gora POL"]
[Date "2016.09.05"]
[Round "3.85"]
[White "Cajbel, Maciej"]
[Black "Shkapenko, Pavel"]
[Result "0-1"]
[WhiteElo "2198"]
[BlackElo "2418"]
[EventDate "2016.09.02"]

1.Nf3 Nf6 2.g3 d5 3.Bg2 c6 4.O-O Bg4 5.d3 Nbd7 6.Nbd2 e6 7.c4 Be7 8.b3 a5 
9.a3 O-O 10.Bb2 Re8 11.Qc2 Bf8 12.e4 dxe4 13.dxe4 e5 14.h3 Bh5 15.Bc3 Qb6 
16.Nh4 Bc5 17.Ndf3 Rad8 18.Rfe1 Bxf3 19.Bxf3 Nf8 20.Nf5 g6 21.Ne3 Bd4 22.
b4 Bxc3 23.Qxc3 Qd4 24.Qc2 Ne6 25.Ng4 Nxg4 26.Bxg4 Nf8 27.Rad1 Qa7 28.h4 
h5 29.Bh3 axb4 30.axb4 Qa3 31.c5 Qxb4 32.Rb1 Qa5 33.Ra1 Qc7 34.Ra7 Ra8 35.
Rea1 Rxa7 36.Rxa7 Ne6 37.Bxe6 Rxe6 38.Qb2 Re7 39.Ra8+ Kg7 40.f4 Qd7 41.Rb8
Qd1+ 42.Kf2 Rd7 0-1

[Event "POL-chT3"]
[Site "Jastrzebia Gora POL"]
[Date "2016.09.05"]
[Round "3.86"]
[White "Bartel, Michal"]
[Black "Zareba, Radoslaw"]
[Result "1/2-1/2"]
[WhiteElo "2375"]
[BlackElo "2093"]
[EventDate "2016.09.02"]

1.e4 d6 2.g3 Nf6 3.Bg2 g6 4.Ne2 Bg7 5.d4 c5 6.c3 cxd4 7.cxd4 O-O 8.Nbc3 
Nc6 9.O-O Bd7 10.h3 a6 11.Be3 b5 12.b3 b4 13.Na4 Rb8 14.Qd2 Na5 15.Nb2 Bb5
16.Rfe1 d5 17.f3 dxe4 18.fxe4 Qd7 19.Qxb4 Nxb3 20.axb3 Bxe2 21.Qd2 Bb5 22.
Nd3 Rfd8 23.Nc5 Qc7 24.Qf2 Nd7 25.b4 Rb6 26.Rac1 Nxc5 27.bxc5 Rf6 28.Bf3 
Rxf3 29.Qxf3 Bxd4 30.Rc2 Bc6 31.Kh2 Bxe3 32.Qxe3 Qe5 33.Qf4 Qe6 34.Rd2 
Rxd2+ 35.Qxd2 Bd7 36.Qg2 a5 1/2-1/2

[Event "POL-chT3"]
[Site "Jastrzebia Gora POL"]
[Date "2016.09.05"]
[Round "3.87"]
[White "Czachor, Grzegorz"]
[Black "Mickiewicz, Piotr"]
[Result "1-0"]
[WhiteElo "2078"]
[BlackElo "2331"]
[EventDate "2016.09.02"]

1.Nf3 c5 2.c4 Nc6 3.d4 cxd4 4.Nxd4 g6 5.g3 Bg7 6.Nxc6 bxc6 7.Bg2 Rb8 8.Qc2
Qa5+ 9.Nd2 Nf6 10.O-O O-O 11.e4 d5 12.Nb3 Qa4 13.Bf4 Rb4 14.cxd5 Ba6 15.
Rfc1 Rc4 16.Qd2 Rxc1+ 17.Qxc1 cxd5 18.Nc5 Qc4 19.Nxa6 Qxa6 20.exd5 Rc8 21.
Qd2 Rd8 22.Be5 e6 23.Qd4 exd5 24.Rc1 Qe6 25.Rd1 a5 26.b3 h5 27.h3 Kh7 28.
h4 Ne8 29.Bxg7 Nxg7 30.Bxd5 Nf5 31.Qc4 Qe5 32.Rd3 Qe1+ 33.Kg2 Qe2 34.Qe4 
Qc2 35.Bc4 Rd7 36.Qf3 Re7 37.a4 Qb2 38.Kg1 Re1+ 39.Kg2 Qc1 40.Rd7 Rg1+ 41.
Kh2 Kh6 42.Qa8 Nxh4 43.Qh8+ Kg5 44.gxh4+ Kxh4 45.Rd4+ Rg4 46.Rxg4+ Kxg4 
47.Qd4+ Kf5 48.Qd5+ Kg4 49.Qe4+ Kg5 50.Bxf7 Qc7+ 51.f4+ Kf6 52.Qe6+ Kg7 
53.Qxg6+ Kf8 54.Qg8+ Ke7 55.Bxh5 Qxf4+ 56.Qg3 Qd2+ 57.Kh3 Kd8 58.Qb8+ Ke7 
59.Qe8+ Kf6 60.Qf7+ Ke5 61.Qg7+ Kd6 62.Qf6+ Kc7 63.Qe7+ Kb6 64.Qe6+ Kc5 
65.Qc4+ Kd6 66.Bf3 Qe3 67.Qd5+ Kc7 68.Qxa5+ Kd6 69.Qd5+ Kc7 70.Qc6+ Kd8 
71.a5 Qf4 72.Qd5+ 1-0

[Event "POL-chT3"]
[Site "Jastrzebia Gora POL"]
[Date "2016.09.05"]
[Round "3.88"]
[White "Czajkowski, Adam"]
[Black "Klukiewicz, Piotr"]
[Result "1-0"]
[WhiteElo "2260"]
[BlackElo "2011"]
[EventDate "2016.09.02"]

1.e4 g6 2.d4 Bg7 3.Nc3 c6 4.Be3 d5 5.f3 dxe4 6.fxe4 Nf6 7.Nf3 O-O 8.Qd2 
Qa5 9.h3 Nbd7 10.e5 Nd5 11.Nxd5 Qxd2+ 12.Bxd2 cxd5 13.Bd3 f6 14.exf6 exf6 
15.Kf2 f5 16.Bb4 Re8 17.Rhe1 Rxe1 18.Rxe1 Nf6 19.c4 Ne4+ 20.Kf1 Be6 21.b3 
Rd8 22.c5 Rc8 23.Bb5 Bf7 24.Rc1 Bf8 25.Be1 a6 26.Bd3 Be8 27.a4 h6 28.Ne5 
Bg7 29.Rc2 Bxe5 30.dxe5 Bd7 31.Bf2 Kf7 32.Bxe4 dxe4 33.Rd2 Bc6 34.Rd6 Re8 
35.Rf6+ Kg7 36.Bd4 Rd8 37.Rd6 Rxd6 38.exd6+ Kf7 39.h4 g5 40.hxg5 hxg5 41.
g3 Kg6 42.Be5 Kf7 43.d7 Bxd7 44.Kf2 Ke6 45.Bd6 Kd5 46.Ke3 Bc6 47.a5 Ke6 
48.Kd4 Bd5 49.b4 Bc6 50.Bc7 Kf6 51.Ke3 Kg6 52.Bd6 Kh5 53.Bc7 Kg4 54.Bd6 
Kh3 55.Be5 f4+ 56.gxf4 g4 57.f5 g3 58.Bxg3 Kxg3 59.f6 Bd5 60.b5 Kg4 61.
bxa6 1-0

[Event "POL-chT3"]
[Site "Jastrzebia Gora POL"]
[Date "2016.09.05"]
[Round "3.89"]
[White "Bogenryter, Hubert"]
[Black "Barwinski, Dionizy"]
[Result "0-1"]
[WhiteElo "1978"]
[BlackElo "2049"]
[EventDate "2016.09.02"]

1.e4 d5 2.exd5 Qxd5 3.Nc3 Qd6 4.d4 c6 5.Bc4 Nf6 6.Nge2 Bf5 7.Bf4 Qb4 8.Bb3
e6 9.O-O Be7 10.Re1 O-O 11.Ng3 Bg6 12.Bc7 Bd8 13.a3 Qe7 14.Bf4 Qd7 15.Nge4
Nxe4 16.Nxe4 Bxe4 17.Rxe4 Bf6 18.c3 Na6 19.Qh5 g6 20.Qg4 Nc7 21.Be5 Bg7 
22.Qg3 Nd5 23.Bxg7 Kxg7 24.Qe5+ Kg8 25.h4 Qc7 26.c4 Qxe5 27.dxe5 Nb6 28.
Rd4 Rfd8 29.Rad1 Rxd4 30.Rxd4 Kf8 31.h5 Ke7 32.Kf1 c5 33.Rh4 Rd8 34.Ke2 g5
35.Rg4 h6 36.Ke3 Nd7 37.f4 f6 38.fxg5 Nxe5 39.gxf6+ Kxf6 40.Rf4+ Kg5 41.
Bc2 Ng4+ 42.Kf3 Nf6 43.Bg6 Rd2 44.Ke3 Rxb2 45.Rf2 Ng4+ 0-1

[Event "POL-chT3"]
[Site "Jastrzebia Gora POL"]
[Date "2016.09.05"]
[Round "3.90"]
[White "Sosnowska, Elzbieta"]
[Black "Zdziarska-zareba, Lidia"]
[Result "0-1"]
[WhiteElo "1867"]
[BlackElo "1884"]
[EventDate "2016.09.02"]

1.e4 c5 2.Nf3 e6 3.d4 cxd4 4.Nxd4 Nf6 5.Bd3 Nc6 6.Nxc6 bxc6 7.O-O d5 8.Nd2
a5 9.Qe2 Qb6 10.c4 d4 11.Kh1 e5 12.f4 exf4 13.Rxf4 Ra7 14.e5 Re7 15.c5 
Qxc5 16.Nc4 Ba6 17.Nd6+ Qxd6 18.exd6 Rxe2 19.Bxe2 Bxe2 20.Rxd4 Kd7 21.Bf4 
Nd5 22.Bd2 Bxd6 23.Bxa5 Rb8 24.Rd2 Bh5 25.Bc3 Nxc3 26.bxc3 Ke6 27.Re1+ Be5
28.h3 Bg6 29.Rde2 f6 30.a4 Rb3 31.Ra1 Bd3 32.Re3 Ba6 33.g4 c5 34.Kg1 Rxc3 
35.Rae1 Rxe3 36.Rxe3 Kd5 37.Rb3 c4 38.Rb1 c3 39.Kf2 Ke4 40.Rb4+ Kd3 41.Ke1
c2 0-1

[Event "POL-chT3"]
[Site "Jastrzebia Gora POL"]
[Date "2016.09.05"]
[Round "3.92"]
[White "Zaskalski, Arkadiusz"]
[Black "Liberadzki, Slawomir"]
[Result "1-0"]
[WhiteElo "2142"]
[BlackElo "2013"]
[EventDate "2016.09.02"]

1.Nf3 c5 2.c4 Nc6 3.g3 g6 4.Bg2 Bg7 5.Nc3 e6 6.O-O Nge7 7.a3 O-O 8.Rb1 d5 
9.cxd5 exd5 10.d3 Re8 11.Bf4 d4 12.Ne4 Nd5 13.Qc1 Nxf4 14.Qxf4 Bf5 15.Nd6 
Rxe2 16.Nxf5 gxf5 17.Qxf5 Ne5 18.Rfe1 Rxe1+ 19.Rxe1 Nxf3+ 20.Bxf3 Qf6 21.
Qxf6 Bxf6 22.Bxb7 Rb8 23.Bd5 Rxb2 24.Re8+ Kg7 25.Ra8 c4 26.Bxc4 Rb7 27.Kg2
Be7 28.a4 Bb4 29.Kf3 Re7 30.h4 h6 31.Rd8 Bc3 32.Rd6 a5 33.Kg4 Rc7 34.f4 
Re7 35.f5 f6 36.Rd8 Rc7 37.Rg8+ Kh7 38.Rf8 Kg7 39.Rg8+ Kh7 40.Rd8 Rg7+ 41.
Kf3 Rc7 42.Rf8 Kg7 43.Rg8+ Kh7 44.Rg6 Rc6 45.Bg8+ Kh8 46.Bd5 Rb6 47.Rxh6+ 
Kg7 48.Rg6+ Kh7 49.Bg8+ Kh8 50.Be6 Rb4 51.Rxf6 Rxa4 52.g4 Ra1 53.g5 Kg7 
54.Rg6+ Kh7 55.Rh6+ Kg7 56.f6+ 1-0

[Event "POL-chT3"]
[Site "Jastrzebia Gora POL"]
[Date "2016.09.05"]
[Round "3.93"]
[White "Szymczak, Rafal"]
[Black "Augustyn, Sebastian"]
[Result "0-1"]
[WhiteElo "2007"]
[BlackElo "2116"]
[EventDate "2016.09.02"]

1.d4 c5 2.c3 g6 3.e3 Bg7 4.f4 Nf6 5.Nf3 O-O 6.Bd3 d6 7.O-O Nc6 8.Qc2 e5 9.
fxe5 dxe5 10.dxc5 Qe7 11.e4 Qxc5+ 12.Qf2 Qxf2+ 13.Rxf2 Rd8 14.Bc2 Ng4 15.
Re2 Be6 16.b3 Bf8 17.h3 Bc5+ 18.Kf1 Nf6 19.g4 h5 20.Bg5 hxg4 21.Nxe5 Nh5 
22.Nxc6 bxc6 23.Bxd8 Ng3+ 24.Ke1 Nxe2 25.Bc7 Ng1 26.hxg4 Nf3+ 27.Kf1 Bxg4 
28.b4 Be3 29.a4 Kg7 30.Na3 Rh8 31.Ke2 Bg5 32.Kd3 Rh3 33.b5 Nd2+ 34.Kd4 
Be3+ 35.Ke5 Bc5 36.Nb1 Nc4+ 37.Kf4 Be6 38.Be5+ f6 39.Bd4 g5# 0-1

[Event "POL-chT3"]
[Site "Jastrzebia Gora POL"]
[Date "2016.09.05"]
[Round "3.94"]
[White "Markiewicz, Mateusz"]
[Black "Sielicki, Tomasz"]
[Result "1-0"]
[WhiteElo "2044"]
[BlackElo "1962"]
[EventDate "2016.09.02"]

1.e4 e5 2.Nc3 Nf6 3.Bc4 Bc5 4.d3 Nc6 5.Bg5 h6 6.Bh4 Na5 7.Bb3 d6 8.Nd5 g5 
9.Bg3 Nxb3 10.Nxf6+ Qxf6 11.axb3 Be6 12.Ne2 Qg6 13.h4 O-O-O 14.Qd2 f5 15.
b4 Bb6 16.exf5 Qxf5 17.Nc3 Rdf8 18.Na4 Kb8 19.Nxb6 cxb6 20.b5 Qg4 21.Qc3 
Rc8 22.Qa3 Rxc2 23.Qxd6+ Kc8 24.O-O gxh4 25.Rxa7 hxg3 26.Ra8# 1-0

[Event "POL-chT3"]
[Site "Jastrzebia Gora POL"]
[Date "2016.09.05"]
[Round "3.95"]
[White "Koziol, Pawel"]
[Black "Tatarczany, Piotr"]
[Result "1-0"]
[WhiteElo "1855"]
[BlackElo "1528"]
[EventDate "2016.09.02"]

1.Nf3 Nf6 2.g3 g6 3.Bg2 Bg7 4.c4 c6 5.O-O O-O 6.d4 d5 7.cxd5 cxd5 8.Nc3 
Nc6 9.Ne5 e6 10.Bf4 a6 11.Rc1 Nxe5 12.Bxe5 Bd7 13.f3 Bc6 14.Qd2 Qb6 15.Bd6
Rfe8 16.Bc5 Qd8 17.a4 b6 18.Ba3 Qd7 19.a5 b5 20.Nd1 Rac8 21.Nf2 Qb7 22.e3 
Bf8 23.Bxf8 Rxf8 24.Nd3 Nd7 25.g4 Rfe8 26.f4 Rb8 27.b4 f5 28.h3 Rbc8 29.
Qf2 Qb8 30.Qh4 Qd6 31.Bf3 Bb7 32.Qf2 Rxc1 33.Rxc1 Rc8 34.Rxc8+ Bxc8 35.Qb2
Bb7 36.Nc5 Qc6 37.Kg2 Kf7 38.Kg3 Nf6 39.g5 Ne8 40.h4 Nd6 41.h5 Qe8 42.Qc1 
Bc8 43.Qh1 Ke7 44.hxg6 hxg6 45.Qh7+ Qf7 46.Qh8 Qf8 47.Qe5 Kd8 48.Nxe6+ 
Bxe6 49.Qxe6 Ne4+ 50.Bxe4 dxe4 51.Qb6+ Kd7 52.Qa7+ Kc6 53.Qxa6+ Kc7 54.
Qb6+ Kc8 55.Qc5+ 1-0

[Event "POL-chT3"]
[Site "Jastrzebia Gora POL"]
[Date "2016.09.05"]
[Round "3.96"]
[White "Jalowiec, Halina"]
[Black "Baranska, Monika"]
[Result "1-0"]
[WhiteElo "1932"]
[BlackElo "1780"]
[EventDate "2016.09.02"]

1.d4 d5 2.Nf3 e6 3.Bf4 Nf6 4.e3 Bd6 5.Ne5 O-O 6.Bd3 c5 7.c3 Qc7 8.Nd2 Nbd7
9.Ndf3 Ne4 10.O-O f6 11.Nxd7 Bxd7 12.Bxd6 Nxd6 13.Rc1 c4 14.Bb1 Be8 15.Nd2
f5 16.Qe2 Rf6 17.Qf3 Rh6 18.Qf4 Qe7 19.Nf3 Bh5 20.Ne5 Ne4 21.Bxe4 fxe4 22.
f3 Rf8 23.Qg3 exf3 24.gxf3 Rf5 25.Ng4 Rg6 26.h3 Rf8 27.Kg2 Bxg4 28.fxg4 
Rgf6 29.Qe5 Rxf1 30.Rxf1 Rxf1 31.Kxf1 b6 32.Kg2 Kf7 33.e4 Qd7 34.Kf3 h6 
35.h4 Qd8 36.g5 hxg5 37.hxg5 Qd7 38.Kf4 dxe4 39.Qxe4 Qc7+ 40.Qe5 Qd7 41.
Kg4 Qb7 42.g6+ Kxg6 43.Qxe6+ Kh7 44.d5 b5 45.Kf4 b4 46.Qe4+ g6 47.Qxc4 
bxc3 48.bxc3 Qf7+ 49.Kg3 Qd7 50.Qh4+ Kg8 51.Qd4 Qd6+ 52.Kf3 a6 53.Ke4 g5 
54.Kf5 Kf7 55.Qa7+ Ke8 56.Qe3+ Kd8 57.Qxg5+ Kc8 58.Qg8+ Kc7 59.Qf7+ Kb8 
60.c4 Qc5 61.Qe8+ Ka7 62.Qe4 Qf2+ 63.Ke6 Qxa2 64.d6 Qh2 65.d7 Qh6+ 66.Kd5 
Qg5+ 67.Qe5 Qg2+ 68.Kd6 Qg6+ 69.Qe6 Qg3+ 70.Kc6 Qg2+ 71.Kc7 Qb7+ 72.Kd6 
Qb4+ 73.c5 Qd4+ 74.Kc6 Qa4+ 75.Kc7 Qf4+ 76.Qd6 1-0

[Event "POL-chT3"]
[Site "Jastrzebia Gora POL"]
[Date "2016.09.05"]
[Round "3.97"]
[White "Zakrzewski, Marek"]
[Black "Dors, Ryszard"]
[Result "1/2-1/2"]
[WhiteElo "2233"]
[BlackElo "2167"]
[EventDate "2016.09.02"]

1.e4 c6 2.d4 d5 3.Nd2 dxe4 4.Nxe4 Bf5 5.Ng3 Bg6 6.h4 h6 7.Nf3 Nd7 8.h5 Bh7
9.Bd3 Bxd3 10.Qxd3 e6 11.Bd2 Ngf6 12.O-O-O Be7 13.Kb1 a5 14.Ne4 Nxe4 15.
Qxe4 Nf6 16.Qd3 a4 17.Ne5 Qd5 18.Qg3 Rg8 19.Qd3 Rd8 20.Be3 Bd6 21.Bf4 Ke7 
22.f3 b5 23.Qe2 Rb8 24.g4 a3 25.b3 Rgc8 26.g5 Ng8 27.gxh6 Nxh6 28.Bg5+ Ke8
29.Bxh6 gxh6 30.Qe3 Bf8 31.Rhg1 Qd6 32.f4 Rd8 33.f5 Rb7 34.fxe6 Qxe6 35.
Rge1 Re7 36.Qf3 Rd6 37.c4 Qf6 38.Qg4 Qe6 39.Qf3 Qf6 40.Qh3 Qe6 41.Qd3 Bg7 
42.cxb5 Bxe5 43.Rxe5 Qxe5 44.dxe5 Rxd3 45.Rxd3 cxb5 46.Rd5 b4 47.Kc2 Rc7+ 
48.Kd2 Rc3 49.Rd3 Rc5 50.Re3 Ke7 51.Re4 Rb5 52.Kd3 Ke6 53.Kc4 Rxe5 54.
Rxe5+ Kxe5 55.Kxb4 f5 56.Kc3 Kd5 57.Kd3 Kc5 58.Ke3 Kb4 59.Kf4 Kc3 60.Kxf5 
Kb2 61.b4 Kxa2 62.b5 Kb3 63.b6 a2 64.b7 a1=Q 65.b8=Q+ Kc4 66.Qf4+ Qd4 67.
Qc1+ Kd5 68.Kg6 Qb6+ 69.Kg7 Ke5 70.Qf1 Qc6 71.Qd3 Qf6+ 72.Kh7 Qf5+ 73.
Qxf5+ Kxf5 74.Kxh6 Kf6 75.Kh7 Kf7 76.h6 Kf8 77.Kh8 Kf7 78.h7 Kf8 1/2-1/2

[Event "POL-chT3"]
[Site "Jastrzebia Gora POL"]
[Date "2016.09.05"]
[Round "3.98"]
[White "Janiszewski, Maciej"]
[Black "Niekras, Dawid"]
[Result "0-1"]
[WhiteElo "2129"]
[BlackElo "2326"]
[EventDate "2016.09.02"]

1.Nf3 c5 2.c4 Nc6 3.d4 cxd4 4.Nxd4 g6 5.e4 Nf6 6.Nc3 d6 7.Be2 Nxd4 8.Qxd4 
Bg7 9.Be3 O-O 10.Qd2 a5 11.O-O a4 12.Rad1 Qa5 13.h3 Be6 14.Bh6 Bxh6 15.
Qxh6 a3 16.b4 Qxb4 17.Nd5 Bxd5 18.exd5 Qc5 19.Rb1 Rfb8 20.Rb3 b5 21.Rfb1 
b4 22.Re3 Ra7 23.h4 Rab7 24.Rbb3 Qd4 25.h5 Qa1+ 26.Kh2 Qxa2 27.Qf4 Qc2 28.
hxg6 fxg6 29.Rxb4 Rxb4 30.Rxe7 Rf8 31.Qxd6 a2 32.Qe6+ Kh8 33.Qh3 a1=Q 34.
Qh6 Rg8 35.d6 Qxe2 0-1

[Event "POL-chT3"]
[Site "Jastrzebia Gora POL"]
[Date "2016.09.05"]
[Round "3.99"]
[White "Bajerlein, Dawid"]
[Black "Sek, Joachim"]
[Result "1/2-1/2"]
[WhiteElo "2104"]
[BlackElo "2054"]
[EventDate "2016.09.02"]

1.d4 e6 2.c4 f5 3.Nc3 Nf6 4.Nf3 d5 5.Bf4 c6 6.e3 Be7 7.Bd3 O-O 8.Qc2 Ne4 
9.g4 Kh8 10.O-O-O Na6 11.a3 Nxc3 12.Qxc3 dxc4 13.Bxc4 Nc7 14.Bxc7 Qxc7 15.
Ne5 Bd6 16.f4 Rb8 17.Bb3 Qe7 18.h4 Bd7 19.h5 Bxe5 20.dxe5 Rbd8 21.h6 g6 
22.g5 Bc8 23.Rd6 Rde8 24.Rhd1 Qc7 25.Qc5 Qb6 26.Qxb6 axb6 27.R1d4 Kg8 28.
Kc2 Kf7 29.Ba2 Ke7 30.b4 b5 31.Kc3 Rd8 32.Rxd8 Rxd8 33.Rxd8 Kxd8 34.Kd4 b6
35.e4 Ke7 36.Bb3 Bd7 37.Bd1 Be8 38.Bf3 Bd7 39.Bh1 Be8 40.Bg2 Bd7 41.Bf3 
Be8 1/2-1/2

[Event "POL-chT3"]
[Site "Jastrzebia Gora POL"]
[Date "2016.09.05"]
[Round "3.100"]
[White "Panczyszyn, Wiktor"]
[Black "Bernat, Marcin"]
[Result "1/2-1/2"]
[WhiteElo "1919"]
[BlackElo "2068"]
[EventDate "2016.09.02"]

1.Nf3 Nf6 2.c4 c5 3.g3 g6 4.Bg2 Bg7 5.O-O O-O 6.Nc3 Nc6 7.d3 d6 8.a3 Rb8 
9.Rb1 a6 10.b4 cxb4 11.axb4 b5 12.cxb5 axb5 13.h3 Bd7 14.Bd2 Re8 15.e4 Ne5
16.Ne1 Rc8 17.f4 Qb6+ 18.Kh1 Nc6 19.Ne2 e5 20.Nf3 d5 21.Nxe5 Nxe5 22.fxe5 
Rxe5 23.Bc3 Re7 24.Bd4 Qa6 25.Ra1 Qc6 26.Rc1 Qa6 27.Ra1 Qc6 28.Rc1 Qa6 29.
Ra1 1/2-1/2

[Event "POL-chT3"]
[Site "Jastrzebia Gora POL"]
[Date "2016.09.05"]
[Round "3.101"]
[White "Hemmerling, Jaroslaw"]
[Black "Matuszczyk, Krystian"]
[Result "1-0"]
[WhiteElo "1903"]
[BlackElo "1853"]
[EventDate "2016.09.02"]

1.e4 c5 2.Nf3 d6 3.d4 cxd4 4.Nxd4 Nf6 5.Nc3 a6 6.Nb3 e6 7.g4 Be7 8.Bg2 Nc6
9.g5 Nd7 10.Qh5 Qc7 11.f4 Nb6 12.Qe2 Bd7 13.Be3 O-O-O 14.O-O-O Kb8 15.Rhe1
Rc8 16.Rd2 Rhe8 17.Bf1 g6 18.Qf2 Na8 19.Red1 Red8 20.Kb1 b5 21.a4 b4 22.
Nb5 axb5 23.axb5 Na5 24.b6 Qc6 25.Nxa5 Qa4 26.b7 Qxa5 27.bxc8=Q+ Rxc8 28.
Rxd6 Bxd6 29.Rxd6 Bc6 30.Bg2 b3 31.cxb3 Bb7 32.Rd7 Rd8 33.Rxd8+ Qxd8 34.
Bd4 Nc7 35.Be5 Qd1+ 36.Ka2 Bc6 37.Qb6+ 1-0

[Event "POL-chT3"]
[Site "Jastrzebia Gora POL"]
[Date "2016.09.05"]
[Round "3.102"]
[White "Gorczyca, Aleksandra"]
[Black "Debowiak, Arleta"]
[Result "1/2-1/2"]
[WhiteElo "2106"]
[BlackElo "1845"]
[EventDate "2016.09.02"]

1.d4 d6 2.Nf3 g6 3.e3 Bg7 4.Be2 Nf6 5.O-O O-O 6.Nbd2 Nc6 7.c3 e5 8.dxe5 
dxe5 9.e4 Qe7 10.Qc2 Bg4 11.Nc4 h6 12.b3 Qe6 13.Ne3 Bxf3 14.Bxf3 Ne7 15.
Ba3 Rfd8 16.Rad1 Bf8 17.Bb2 c6 18.Be2 b5 19.c4 a6 20.h3 Kh7 21.a4 bxa4 22.
bxa4 Rdb8 23.Ba3 a5 24.Rb1 Qd7 25.Rfd1 Qa7 26.Rxb8 Rxb8 27.Bd6 Rb7 28.Bxe5
Neg8 29.Ng4 Nxg4 30.Bxg4 Bc5 31.Bg3 Bd4 32.Rb1 Rxb1+ 33.Qxb1 Nf6 34.Bf3 
Nd7 35.h4 Ne5 36.Qb3 Qc5 37.Be2 Kg7 38.Kf1 Nd7 39.h5 1/2-1/2

[Event "POL-chT3"]
[Site "Jastrzebia Gora POL"]
[Date "2016.09.06"]
[Round "4.1"]
[White "Szwed, Jacek"]
[Black "Sopur, Lech"]
[Result "1-0"]
[WhiteElo "2402"]
[BlackElo "2404"]
[EventDate "2016.09.02"]

1.e4 c5 2.Nf3 Nc6 3.Nc3 Nf6 4.Bb5 Nd4 5.e5 Nxb5 6.Nxb5 Nd5 7.Ng5 f5 8.O-O 
e6 9.d4 c4 10.b3 c3 11.Qh5+ g6 12.Qf3 Be7 13.Nh3 Qa5 14.a4 a6 15.Nd6+ Bxd6
16.exd6 f4 17.Nxf4 O-O 18.Qg3 Nxf4 19.Bxf4 b6 20.Be5 Bb7 21.Qh4 Rf5 22.Qh6
Rf7 23.f3 b5 24.h4 Qd8 25.axb5 axb5 26.Rxa8 Bxa8 27.Ra1 Bc6 28.Ra7 Qf8 29.
Qe3 Qd8 30.Qh6 Qf8 31.Qe3 Qd8 32.h5 gxh5 33.Rc7 h4 34.Qh6 h3 35.Qxh3 Qg5 
36.Rc8+ Rf8 37.Rxf8+ Kxf8 38.Qxh7 b4 39.Qh8+ Kf7 40.Qh7+ Kf8 41.Kh2 Bd5 
42.Bg3 Qg7 43.Qh4 Kg8 44.Kg1 Bc6 45.Qd8+ Kh7 46.Be5 Qf7 47.g4 1-0

[Event "POL-chT3"]
[Site "Jastrzebia Gora POL"]
[Date "2016.09.06"]
[Round "4.2"]
[White "Lewtak, Damian"]
[Black "Jedynak, Radoslaw"]
[Result "0-1"]
[WhiteElo "2333"]
[BlackElo "2366"]
[EventDate "2016.09.02"]

1.e4 e6 2.d4 d5 3.exd5 exd5 4.Nf3 Nf6 5.c4 Bb4+ 6.Nc3 O-O 7.Be2 c5 8.O-O 
dxc4 9.Bxc4 cxd4 10.Qxd4 Qxd4 11.Nxd4 Bxc3 12.bxc3 Bd7 13.Bb2 Nc6 14.Rad1 
Ne5 15.Bb3 Rac8 16.Rfe1 Rfe8 17.f3 h6 18.Kf2 Nc4 19.Rxe8+ Nxe8 20.Bxc4 
Rxc4 21.Nb3 Nf6 22.Rd4 Rc6 23.Rb4 b6 24.Rd4 Kh7 25.Ke3 Be6 26.Kd2 Rc7 27.
Nc1 Nd7 28.a3 Nc5 29.g4 b5 30.Kc2 Bc4 31.Rd6 a5 32.Kd2 Re7 33.h4 a4 34.Rd4
Kg6 35.Kd1 h5 36.Rd2 hxg4 37.fxg4 Re3 38.Ne2 Nd3 39.Kc2 f5 40.gxf5+ Kxf5 
41.Nd4+ Kf4 42.Rd1 Rh3 43.Ba1 Rh2+ 44.Rd2 Ne1+ 45.Kd1 Rh1 46.Ne2+ Ke3 0-1

[Event "POL-chT3"]
[Site "Jastrzebia Gora POL"]
[Date "2016.09.06"]
[Round "4.3"]
[White "Tymrakiewicz, Rafal"]
[Black "Orzech, Dominik"]
[Result "1/2-1/2"]
[WhiteElo "2285"]
[BlackElo "2378"]
[EventDate "2016.09.02"]

1.d4 d5 2.c4 c6 3.cxd5 cxd5 4.Nc3 Nc6 5.Nf3 Nf6 6.Bf4 Nh5 7.Bd2 Nf6 8.Bf4 
Nh5 9.Bd2 Nf6 10.Bf4 Nh5 11.Ng1 Nb8 1/2-1/2

[Event "POL-chT3"]
[Site "Jastrzebia Gora POL"]
[Date "2016.09.06"]
[Round "4.4"]
[White "Kowalczyk, Rafal"]
[Black "Gmaj, Krzysztof"]
[Result "1-0"]
[WhiteElo "2241"]
[BlackElo "2192"]
[EventDate "2016.09.02"]

1.e4 c5 2.c3 e6 3.d4 d5 4.exd5 exd5 5.Nf3 Nc6 6.Be2 Bd6 7.dxc5 Bxc5 8.Nbd2
Nge7 9.Nb3 Bd6 10.Bg5 O-O 11.Qd2 Bd7 12.O-O Qc7 13.Rad1 Rfe8 14.Rfe1 a6 
15.h3 Rad8 16.Bd3 f6 17.Be3 Ne5 18.Nbd4 N7c6 19.Bb1 Nxd4 20.Nxd4 Nc4 21.
Qd3 g6 22.Bc1 Qb6 23.Rxe8+ Rxe8 24.Qf3 Bc6 25.Qxf6 Ba4 26.g3 Bxd1 27.Bxg6 
Re1+ 28.Kg2 Qc7 29.Ne6 Rxe6 30.Qxe6+ Kg7 31.Bf5 Kh8 32.Bh6 Be7 33.Qf7 Bf3+
34.Kh2 1-0